000 01694nam a2200433Ii 4500
001 DIGUCAUCA0116
003 NyNyDIG
006 m o d
007 cr |||||||||||
008 220503s2020 ck a ob 001 0 spa d
035 _a(OCoLC)1301903172
040 _aDGITA
_beng
_erda
_epn
_cDGITA
020 _a9789587324501
_qeBook
_qpdf
020 _z9789587324495
050 1 4 _aQR111 ebook
082 0 4 _a631.46
100 1 _aPaz Narváez, Iván Enrique,
_eauthor.
245 1 0 _aMicroorganismos del suelo /
_cIván Enrique Paz Narváez.
250 _aPrimera edición en español.
264 1 _aPopayán, Colombia :
_beditorial UC, Editorial Universidad del Cauca,
_c2020.
300 _a1 online resource :
_billustrations.
336 _atext
_btxt
_2rdacontent
337 _acomputer
_bc
_2rdamedia
338 _aonline resource
_bcr
_2rdacarrier
347 _atext file
_2rdaft
347 _bPDF
500 _a"Convocatoria 2018 investigación".
504 _aIncludes bibliographical references and index.
588 0 _aOnline resource; title from PDF title page (Digitalia, viewed May 3, 2022)
650 0 _aSoil microbiology.
650 0 _aMicroorganisms.
655 0 _aElectronic books.
791 2 _aDigitalia (Firm),
_edistributor.
793 0 _gDigitalia eBook Collection:
_aEditorial Universidad del Cauca
776 0 8 _iPrint version:
_aPaz Narváez, Iván Enrique.
_tMicroorganismos del suelo.
_bPrimera edición en español.
_dPopayán, Colombia : editorial UC, Editorial Universidad del Cauca, 2020
_z9789587324495
856 4 0 _3Digitalia Hispánica
_uhttps://www.digitaliapublishing.com/a/111407/
910 _aPremium collection: 2022
942 _cRAA
999 _c273162
_d273162